Language Quiz

Random Language or French Quiz

Le Travail Quiz Stats

 Plays Quiz not verified by Sporcle

Support Sporcle.
Go Orange.
Score 0/25 Timer 15:00
0 Plays Today
French English % Correct
l'employeemployee
93.8%
l'employeuremployer
87.5%
le travail a temps partielpart time job
87.5%
le travail a plein tempsfull time job
81.3%
l'emploijob
75%
faire un demande d'emploito apply for a job
75%
la grevestrike
75%
le curriculum vitaeresume
68.8%
la directionmanagement
68.8%
recyclerto retrain
68.8%
le travail a mi-tempshalf time job
68.8%
le chomeurunemployed person
62.5%
le stagiaireintern
62.5%
French English % Correct
le cadreexecutive
56.3%
demissionnerto quit
56.3%
engagerto hire
56.3%
renvoyerto fire
56.3%
le syndicalisteunion member
56.3%
le syndicattrade union
56.3%
l'affairebusiness matter
50%
le congeday off
50%
avoir un entretiento have a job interview
43.8%
faire un stageto do an internship
43.8%
passer un annonce d'offre d'emploito post a job offer
43.8%
le retraiteretirement
43.8%

You're not logged in!

Compare scores with friends on all Sporcle quizzes.
OR
Log In

From the Vault

Celebrities From Negatives

by hazelm

In this era of digital photography, there simply aren't as many negatives as there used to be.
Remove Ads.
Support Sporcle.
Get the best of Sporcle when you Go Orange. This ad-free experience offers more features, more stats, and more fun while also helping to support Sporcle. Thank you for becoming a member.

Show Comments

Extras

Created Feb 28, 2011ReportNominate
Tags:French Quiz, English

Top Quizzes Today


Score Distribution

Your Account Isn't Verified!

In order to create a playlist on Sporcle, you need to verify the email address you used during registration. Go to your Sporcle Settings to finish the process.

Report this User

Report this user for behavior that violates our Community Guidelines.

Details: